澳门特别行政区地图点选 Macau Click Map - Statistics

General Stats
  • This quiz has been taken 31 times
    28 since last reset
  • The average score is 6 of 8
Answers on the Map
Answers color-coded by a green-red scale on the quiz's map according to % correct below.
 
Answer Stats
Answer % Correct
花地玛堂区
88%
路凼填海区
82%
圣方济各堂区
82%
花王堂区
76%
大堂区
76%
嘉模堂区
76%
望德堂区
65%
风顺堂区
65%
No matching quizzes found
Score Distribution
Percent of People with Each Score
Percentile by Number Answered
Your Score History
You have not taken this quiz since the last reset